New England Trivia - Statistics

General Stats
  • This quiz has been taken 97 times
  • The average score is 22 of 32
Answer Stats
Hint Answer % Correct
States New Hampshire
100%
States Vermont
100%
States Maine
99%
States Rhode island
99%
Biggest Cities Boston
96%
States Connecticut
96%
States Massachusetts
94%
Longest River Connecticut River
92%
Capital City Providence
88%
Biggest Cities Providence
86%
Capital City Boston
85%
Capital City Concord
85%
Capital City Hartford
85%
Capital City Augusta
78%
MLB Team Boston Red Sox
78%
NBA Team Boston Celtics
75%
NFL Team New England Patriots
74%
Capital City Montpelier
72%
NHL Team Boston Bruins
63%
Biggest Cities Bridgeport
60%
Tallest Mountain Mount Washington
58%
Biggest Cities Springfield
54%
Biggest Cities Worcester
54%
US Presidents from New England John F. Kennedy
53%
US Presidents from New England George W. Bush
49%
US Presidents from New England John Adams
49%
US Presidents from New England George H. W. Bush
47%
US Presidents from New England Franklin Pierce
46%
US Presidents from New England Chester A. Arthur
36%
US Presidents from New England John Quincy Adams
35%
US Presidents from New England Calvin Coolidge
26%
Biggest Fair The Big E
25%
No matching quizzes found
Score Distribution
Percent of People with Each Score
Percentile by Number Answered
Your Score History
You have not taken this quiz